00927nam a2200265 a 450000500170000000800410001701000140005802000260007203500130009803700160011104000180012708200100014510000260015524501140018126000410029530000270033650000230036352000520038665000090043865000190044765000120046694200240047899900170050295201420051920070119085348.0060831s2006 ii b 000 0 eng  aENG-91365 c200.00a9788178234908 aEN-74898 bDBAD / PUB adplbEnglish  a230.3 aAdiswarananda, Swami  aThe spiritual quest and the way of yoga:cby Swami Adiswarananda bthe goal, the journey and the milestones / aChennaibSri Ramakrishna Math c2005 aiv, 267p.c20cm (pbk)  aIncludes glossary  aHistory of Kashmiri Pandits and Kashmir, India. aYoga aSpiritual life aVedanta 2ddccENmADIh230.3 c16862d16862 00102ddc40718NFICaDBADbDBADd2008-10-17eDBAD / PUBg200.00l0o230.3 ADIpEN-74898r2008-10-17 00:00:00t1v200.00w2008-10-17yEN